000 00611nam a22002057a 4500
003 koha_MIRAKIL
005 20231213100424.0
008 231213b |||||||| |||| 00| 0 ||| d
020 _b978-9-75071062-9
040 _aTR-IsEVY
_btur
_cTR-IsEVY
082 _a956.1024 BUL/B
100 _aBulut, Süleyman.
245 0 _aBüyük Atatürk'ten küçük öyküler
250 _a37. bs.
260 _bCan Çocuk Yayınları,
_c2017
300 _a142 s.
650 _aChildren's literature -- Stories, Turkish -- Documentary.
650 _aÇocuk edebiyatı -- Hikaye, Türk -- Belgesel.
942 _2ddc
_cBK
999 _c19669
_d19669